000 00386nam a2200133 i 4500
001 bg
100 1 _aPICHÓR, Władysław
245 0 _aOrganizacja i mechanizacja robót w budownictwie wodnym /
_cWładysław Pichór.
260 _aWarszawa :
_bWydawnictwa Szkolne i Pedagogiczne,
_c1975.
040 _cBPK
041 _apol
942 _cKS
008 s pl f |000 0 pol
999 _c16235
_d16235
856 _uhttp://koha.tu.koszalin.pl/cgi-bin/koha/opac-detail.pl?biblionumber=16235
_yKatalog online BPK